000 00617nam a22001937a 4500
005 20160919151217.0
010 _aENG-116010
020 _a9788126920891
_c895.00
035 _aEN-99542
037 _bDBAD/PUB
082 _a921
100 _aK.R. Gupta
245 _aSardar Vallabhbhai Patel :
_cby K.R. Gupta ; foreword by Anandiben Patel
_ba far-sighted luminary of India /
250 _a7th ed
260 _aNew Delhi
_bAtlantic Publishers & Distributors
_c2016
270 _a7/22, Ansari Road, Darya Ganj,
_bNew Delhi
_e110002
300 _a419p.
_c22cm(pbk)
942 _2ddc
_cEN
_h921
_mPAT
999 _c103440
_d103440